[Event "Sitges Sunway online op"]
[Site "Chess.com INT"]
[Date "2020.04.27"]
[Round "9"]
[White "Love, Jindal"]
[Black "Sanchez Martinez, Andres"]
[Result "1-0"]
[WhiteElo "1747"]
[BlackElo "2080"]
[PlyCount "59"]
[EventDate "2020.04.19"]
[EventType "swiss"]
[EventRounds "9"]
[EventCountry "ESP"]
[SourceTitle "EXT 2021"]
[Source "ChessBase"]
[SourceDate "2020.10.23"]
[SourceVersion "1"]
[SourceVersionDate "2020.10.23"]
[SourceQuality "1"]

1. d4 Nf6 2. g4 Nxg4 3. e4 d6 4. h3 Nf6 5. Nc3 e5 6. dxe5 dxe5 7. Qxd8+ Kxd8 8. Be3 Nbd7 9. 0-0-0 a6 10. Nf3 Ke8 11. Rg1 Rg8 12. Bc4 Bd6 13. a4 Nf8 14. Bg5 N8d7 15. Nh4 h6 16. Bd2 Nc5 17. f4 Nfxe4 18. fxe5 Nxd2 19. Kxd2 Be7 20. Rdf1 Be6 21. Bxe6 fxe6 22. Ng6 Nd7 23. Ke2 Bc5 24. Rg3 Bd4 25. Ne4 Nxe5 26. c3 Nxg6 27. Rxg6 Bxc3 28. bxc3 Ke7 29. Nc5 Kd6 30. Nxb7+ 1-0

[Event "Andalucia-chA"]
[Site "Algeciras"]
[Date "2018.05.20"]
[Round "7"]
[White "Sanchez Martinez, Andres"]
[Black "Tadevosyan, Aspet"]
[Result "1-0"]
[WhiteElo "2096"]
[BlackElo "1980"]
[PlyCount "83"]
[EventDate "2018.05.12"]
[EventType "swiss"]
[EventRounds "8"]
[EventCountry "ESP"]
[SourceTitle "EXT 2020"]
[Source "ChessBase"]
[SourceDate "2019.10.17"]
[SourceVersion "1"]
[SourceVersionDate "2019.10.17"]
[SourceQuality "1"]

1. d4 Nf6 2. c4 e6 3. Nc3 Bb4 4. e3 c5 5. Nge2 cxd4 6. exd4 d5 7. a3 Be7 8. c5 a5 9. Bf4 Nh5 10. Be3 Nc6 11. g3 0-0 12. Bg2 b6 13. cxb6 Qxb6 14. 0-0 Ba6 15. Na4 Qa7 16. Rc1 Rfc8 17. Nc5 Bc4 18. b3 Bb5 19. Re1 Nf6 20. Nc3 Rab8 21. Nxb5 Rxb5 22. Bf1 Rbb8 23. Ba6 Rd8 24. Qe2 Rb6 25. Bb5 Rc8 26. a4 Nd7 27. Nd3 Qb7 28. f4 Na7 29. Nc5 Nxc5 30. dxc5 Rbc6 31. Bxc6 Nxc6 32. Qd3 Nb4 33. Qb5 Qxb5 34. axb5 Nd3 35. c6 Nxe1 36. Rxe1 Bd6 37. Rc1 Kf8 38. b6 Ke7 39. b7 Rf8 40. c7 Bxc7 41. Rxc7+ Kd6 42. Rc8 1-0

[Event "Andalucia-chA"]
[Site "Algeciras"]
[Date "2018.05.12"]
[Round "1"]
[White "Sanchez Martinez, Andres"]
[Black "Lopez Perez, Juan Pedro"]
[Result "1/2-1/2"]
[WhiteElo "2096"]
[BlackElo "1797"]
[PlyCount "57"]
[EventDate "2018.05.12"]
[EventType "swiss"]
[EventRounds "8"]
[EventCountry "ESP"]
[SourceTitle "EXT 2020"]
[Source "ChessBase"]
[SourceDate "2019.10.17"]
[SourceVersion "1"]
[SourceVersionDate "2019.10.17"]
[SourceQuality "1"]

1. d4 Nf6 2. c4 c5 3. d5 b5 4. cxb5 a6 5. b6 e6 6. Nc3 Nxd5 7. Nxd5 exd5 8. Qxd5 Nc6 9. e4 Be7 10. Bc4 0-0 11. Nf3 Rb8 12. 0-0 Qxb6 13. Qh5 Nd4 14. Bf4 Nxf3+ 15. Qxf3 d6 16. Rad1 Be6 17. Bxe6 fxe6 18. Qg4 e5 19. Bc1 Qc6 20. Rd3 Qc8 21. Qe2 Rd8 22. Rfd1 Rb6 23. Rh3 Qe6 24. Rd5 Rb4 25. Ra3 Ra8 26. f3 a5 27. Rd1 a4 28. Qc2 Rc4 29. Qe2 1/2-1/2

[Event "Almeria Sola Memorial 1st"]
[Site "Almeria"]
[Date "2014.12.27"]
[Round "4"]
[White "Sanchez Martinez, Andres"]
[Black "Perez Beltran, Jose Maria"]
[Result "1/2-1/2"]
[WhiteElo "2014"]
[BlackElo "1896"]
[PlyCount "83"]
[EventDate "2014.12.26"]
[EventType "swiss"]
[EventRounds "7"]
[EventCountry "ESP"]
[SourceTitle "CBM 164 Extra"]
[Source "ChessBase"]
[SourceDate "2015.03.02"]
[SourceVersion "1"]
[SourceVersionDate "2015.03.02"]
[SourceQuality "1"]

1. d4 Nf6 2. c4 e6 3. Nc3 Bb4 4. e3 Qe7 5. Nge2 0-0 6. a3 Bxc3+ 7. Nxc3 d6 8. Bd3 e5 9. 0-0 h6 10. b3 Nc6 11. d5 Nb8 12. e4 a5 13. Rb1 Bg4 14. f3 Bc8 15. g4 Nh7 16. Kg2 Qh4 17. Qe1 Qxe1 18. Rxe1 Bd7 19. Be3 b6 20. Kf2 Rc8 21. h4 Nf8 22. Ne2 Be8 23. Ng3 Ng6 24. h5 Ne7 25. g5 hxg5 26. Bxg5 f6 27. Be3 Nd7 28. Bf1 Nf8 29. Bh3 Bd7 30. Bf1 Kf7 31. Bd3 g6 32. Rec1 Nh7 33. Rb2 Rcb8 34. Rcb1 b5 35. f4 exf4 36. Bxf4 Ng5 37. Bxg5 fxg5 38. Ke3 Kg7 39. Rf2 Rf8 40. Rbf1 Rxf2 41. Rxf2 Re8 42. Be2 1/2-1/2